书目信息 |
| 题名: |
不止魔幻
|
|
| 作者: | 侯健 著 | |
| 分册: | ||
| 出版信息: | 桂林 广西师范大学出版社 2024.07 |
|
| 页数: | 368页 | |
| 开本: | 21cm | |
| 丛书名: | ||
| 单 册: | ||
| 中图分类: | I730.06 | |
| 科图分类: | ||
| 主题词: | 拉丁美洲文学--文学研究 | |
| 电子资源: | ||
| ISBN: | 978-7-5598-6954-8 | |
| 000 | 01200nam0 2200253 450 | |
| 001 | 013055977 | |
| 005 | 20251022150145.56 | |
| 010 | @a978-7-5598-6954-8@dCNY56.00 | |
| 100 | @a20240805d2024 em y0chiy0120 ea | |
| 101 | 0 | @achi |
| 102 | @aCN@b450000 | |
| 105 | @ay z 000yy | |
| 106 | @ar | |
| 200 | 1 | @a不止魔幻@9bu zhi mo huan@e拉美文学第一课@dMas alla del realismo magico@eclases de la literatura Hispanoamericana@f侯健著@zspa |
| 210 | @a桂林@c广西师范大学出版社@d2024.07 | |
| 215 | @a368页@d21cm | |
| 300 | @a望MOUNTAIN野 “望山”出版计划 | |
| 330 | @a本书介绍拉美文学的历史渊源、发展轨迹,述评具有代表性的拉美作家在创作方面取得的成就,以及他们重要作品的思想内容和艺术特色。除了博尔赫斯、波拉尼奥、马尔克斯等大作家,也会解析更多拉美新生代的作家和作品。作者从马尔克斯的魔幻现实主义讲起,探讨拉美小说的缘起,从19世纪的浪漫主义到现实主义的转变,回溯拉美的“文学爆炸”。此外,还会对拉美的非虚构写作进行分析和讲解。 | |
| 510 | 1 | @aMas alla del realismo magico@eclases de la literatura Hispanoamericana@zspa |
| 606 | 0 | @a拉丁美洲文学@x文学研究 |
| 690 | @aI730.06@v5 | |
| 701 | 0 | @a侯健@9hou jian@f(1987-)@4著 |
| 801 | 0 | @aCN@c20250909 |
| 905 | @a河南城建学院图书馆@dI730.6@eH425@ZH425@f1 | |
| 不止魔幻:拉美文学第一课=Mas alla del realismo magico:clases de la literatura Hispanoamericana/侯健著.-桂林:广西师范大学出版社,2024.07 |
| 368页;21cm |
| 望MOUNTAIN野 “望山”出版计划 |
| ISBN 978-7-5598-6954-8:CNY56.00 |
| 本书介绍拉美文学的历史渊源、发展轨迹,述评具有代表性的拉美作家在创作方面取得的成就,以及他们重要作品的思想内容和艺术特色。除了博尔赫斯、波拉尼奥、马尔克斯等大作家,也会解析更多拉美新生代的作家和作品。作者从马尔克斯的魔幻现实主义讲起,探讨拉美小说的缘起,从19世纪的浪漫主义到现实主义的转变,回溯拉美的“文学爆炸”。此外,还会对拉美的非虚构写作进行分析和讲解。 |
| ● |
| 相关链接 |
|
|
|
正题名:不止魔幻
索取号:I730.6/H425
 
预约/预借
| 序号 | 登录号 | 条形码 | 馆藏地/架位号 | 状态 | 备注 |
| 1 | 1633038 | 216330389 | 文学库116/116文学库 30排5列4层/ [索取号:I730.6/H425] | 在馆 |